[Event "World Chess Olympiad 2018"]
[Site "Batumi"]
[Date "2018.10.03"]
[Round "9"]
[Board "3"]
[WhiteFideId "5018471"]
[White "Adhiban B."]
[BlackFideId "13302485"]
[Black "Melkumyan Hrant"]
[Result "1/2-1/2"]
[LiveChessVersion "1.4.8"]
[BlackElo "2660"]
[WhiteElo "2668"]

1. d4 {[%clk 1:30:56]} Nf6 {[%clk 1:30:50]} 2. c4 {[%clk 1:31:22]} e6
{[%clk 1:31:06]} 3. Nf3 {[%clk 1:31:47]} d5 {[%clk 1:31:21]} 4. Nc3
{[%clk 1:32:11]} Be7 {[%clk 1:31:42]} 5. Bf4 {[%clk 1:32:32]} O-O
{[%clk 1:32:00]} 6. a3 {[%clk 1:32:58]} dxc4 {[%clk 1:32:19]} 7. e3
{[%clk 1:33:21]} Nd5 {[%clk 1:32:42]} 8. Bxc4 {[%clk 1:33:47]} Nxf4
{[%clk 1:33:01]} 9. exf4 {[%clk 1:34:15]} c5 {[%clk 1:33:18]} 10. d5
{[%clk 1:34:36]} exd5 {[%clk 1:32:36]} 11. Bxd5 {[%clk 1:35:01]} Nc6
{[%clk 1:30:46]} 12. O-O {[%clk 1:33:19]} Bg4 {[%clk 1:20:14]} 13. h3
{[%clk 1:15:52]} Bxf3 {[%clk 1:18:36]} 14. Qxf3 {[%clk 1:15:53]} Nd4
{[%clk 1:09:59]} 15. Qe4 {[%clk 1:08:45]} Bf6 {[%clk 1:09:42]} 16. Rfe1
{[%clk 1:05:37]} Re8 {[%clk 1:07:41]} 17. Qd3 {[%clk 1:01:28]} Qd7
{[%clk 1:02:42]} 18. Re3 {[%clk 0:55:30]} Rad8 {[%clk 0:58:13]} 19. Rae1
{[%clk 0:49:38]} b5 {[%clk 0:56:49]} 20. Ne4 {[%clk 0:42:06]} Be7
{[%clk 0:53:31]} 21. Nc3 {[%clk 0:39:18]} Bf6 {[%clk 0:47:55]} 22. Ne4
{[%clk 0:38:40]} Be7 {[%clk 0:47:57]} 23. Nc3 {[%clk 0:38:51]} Bf8
{[%clk 0:46:32]} 24. Rxe8 {[%clk 0:29:07]} Rxe8 {[%clk 0:46:18]} 25. Rxe8
{[%clk 0:26:18]} Qxe8 {[%clk 0:46:34]} 26. Ne4 {[%clk 0:26:42]} h6
{[%clk 0:44:21]} 27. Qd1 {[%clk 0:26:29]} Qd7 {[%clk 0:39:50]} 28. Qh5
{[%clk 0:24:48]} c4 {[%clk 0:30:03]} 29. Kf1 {[%clk 0:15:41]} Qf5
{[%clk 0:17:09]} 30. Qxf5 {[%clk 0:13:58]} Nxf5 {[%clk 0:17:24]} 31. g4
{[%clk 0:13:40]} Nd6 {[%clk 0:12:47]} 32. f3 {[%clk 0:10:03]} Nxe4
{[%clk 0:10:29]} 33. fxe4 {[%clk 0:10:28]} g5 {[%clk 0:10:17]} 34. fxg5
{[%clk 0:09:35]} hxg5 {[%clk 0:10:10]} 35. Bc6 {[%clk 0:08:00]} a6
{[%clk 0:09:02]} 36. Bb7 {[%clk 0:08:02]} Bg7 {[%clk 0:09:04]} 37. Bxa6
{[%clk 0:08:22]} Bxb2 {[%clk 0:09:29]} 38. Bxb5 {[%clk 0:08:35]} c3
{[%clk 0:09:54]} 39. Ba4 {[%clk 0:07:12]} Bxa3 {[%clk 0:10:17]} 40. Ke2
{[%clk 0:37:38]} Bd6 {[%clk 0:40:43]} 1/2-1/2

[Event "World Chess Olympiad 2018"]
[Site "Batumi"]
[Date "2018.10.03"]
[Round "9"]
[Board "4"]
[WhiteFideId "13306553"]
[White "Martirosyan Haik M."]
[BlackFideId "5004985"]
[Black "Sasikiran Krishnan"]
[Result "1-0"]
[LiveChessVersion "1.4.8"]
[BlackElo "2672"]
[WhiteElo "2597"]

1. d4 {[%clk 1:30:56]} Nf6 {[%clk 1:30:50]} 2. Nf3 {[%clk 1:31:14]} d5
{[%clk 1:29:41]} 3. c4 {[%clk 1:31:14]} e6 {[%clk 1:30:01]} 4. Nc3
{[%clk 1:31:13]} Bb4 {[%clk 1:30:20]} 5. Bg5 {[%clk 1:30:55]} h6 {[%clk 1:30:30]}
6. Bxf6 {[%clk 1:31:19]} Qxf6 {[%clk 1:30:52]} 7. Qa4+ {[%clk 1:31:30]} Nc6
{[%clk 1:31:04]} 8. e3 {[%clk 1:31:47]} O-O {[%clk 1:30:08]} 9. Be2
{[%clk 1:31:40]} Bd7 {[%clk 1:20:05]} 10. Qb3 {[%clk 1:31:29]} dxc4
{[%clk 1:19:34]} 11. Qxc4 {[%clk 1:31:53]} Qe7 {[%clk 1:14:58]} 12. O-O
{[%clk 1:31:12]} Bd6 {[%clk 1:13:46]} 13. Ne4 {[%clk 1:29:35]} Rfc8
{[%clk 1:05:51]} 14. Rfc1 {[%clk 1:26:18]} e5 {[%clk 1:03:44]} 15. d5
{[%clk 1:24:21]} Nd8 {[%clk 1:00:04]} 16. Nxd6 {[%clk 1:22:51]} cxd6
{[%clk 0:55:22]} 17. Qb4 {[%clk 1:22:37]} b6 {[%clk 0:41:28]} 18. Nd2
{[%clk 1:04:58]} Nb7 {[%clk 0:30:27]} 19. Rxc8+ {[%clk 0:40:19]} Bxc8
{[%clk 0:30:36]} 20. Rc1 {[%clk 0:39:44]} Nc5 {[%clk 0:21:16]} 21. Qa3
{[%clk 0:36:59]} Bf5 {[%clk 0:17:53]} 22. b4 {[%clk 0:34:52]} Ne4
{[%clk 0:16:58]} 23. Bd3 {[%clk 0:27:56]} Nxd2 {[%clk 0:14:22]} 24. Bxf5
{[%clk 0:28:20]} Qg5 {[%clk 0:04:59]} 25. Qxa7 {[%clk 0:25:56]} Rf8
{[%clk 0:05:25]} 26. Bh3 {[%clk 0:24:17]} Nf3+ {[%clk 0:03:33]} 27. Kh1
{[%clk 0:23:00]} Qh4 {[%clk 0:03:58]} 28. Qxb6 {[%clk 0:17:31]} Ng5
{[%clk 0:04:23]} 29. Kg1 {[%clk 0:15:31]} Nxh3+ {[%clk 0:03:03]} 30. gxh3
{[%clk 0:16:00]} Qxh3 {[%clk 0:03:09]} 31. Qxd6 {[%clk 0:15:36]} Qg4+
{[%clk 0:02:58]} 32. Kf1 {[%clk 0:15:33]} Qe4 {[%clk 0:02:33]} 33. Qc6
{[%clk 0:12:10]} Qxb4 {[%clk 0:01:39]} 34. d6 {[%clk 0:07:45]} Qd2
{[%clk 0:01:06]} 35. Qc7 {[%clk 0:07:47]} g6 {[%clk 0:00:34]} 36. d7
{[%clk 0:08:10]} h5 {[%clk 0:00:34]} 37. Qc8 {[%clk 0:04:46]} Kh7
{[%clk 0:00:33]} 38. Rc4 {[%clk 0:03:43]} Qd1+ {[%clk 0:00:31]} 39. Kg2
{[%clk 0:04:12]} e4 {[%clk 0:00:33]} 40. Rc1 {[%clk 0:30:41]} Qg4+
{[%clk 0:30:36]} 41. Kf1 {[%clk 0:30:27]} Qh3+ {[%clk 0:26:30]} 42. Ke1
{[%clk 0:29:22]} Qxh2 {[%clk 0:26:25]} 43. Qxf8 {[%clk 0:29:00]} Qg1+
{[%clk 0:26:51]} 44. Ke2 {[%clk 0:29:26]} Qg4+ {[%clk 0:26:52]} 45. Kd2
{[%clk 0:29:43]} Qxd7+ {[%clk 0:27:14]} 46. Ke1 {[%clk 0:30:06]} Qd5
{[%clk 0:25:50]} 47. Rc8 {[%clk 0:29:03]} g5 {[%clk 0:25:37]} 48. Qc5
{[%clk 0:26:45]} 1-0

[Event "World Chess Olympiad 2018"]
[Site "Batumi"]
[Date "2018.10.03"]
[Round "9"]
[Board "2"]
[WhiteFideId "605506"]
[White "Bacrot Etienne"]
[BlackFideId "24651516"]
[Black "Bluebaum Matthias"]
[Result "1/2-1/2"]
[LiveChessVersion "1.4.8"]
[BlackElo "2618"]
[WhiteElo "2678"]

1. c4 {[%clk 1:30:55]} e6 {[%clk 1:30:39]} 2. Nf3 {[%clk 1:30:54]} d5
{[%clk 1:30:48]} 3. d4 {[%clk 1:31:14]} Nf6 {[%clk 1:31:05]} 4. e3
{[%clk 1:31:38]} a6 {[%clk 1:28:58]} 5. b3 {[%clk 1:28:58]} c5 {[%clk 1:28:57]}
6. Bb2 {[%clk 1:27:24]} cxd4 {[%clk 1:28:54]} 7. exd4 {[%clk 1:27:20]} Bb4+
{[%clk 1:27:38]} 8. Nbd2 {[%clk 1:27:07]} O-O {[%clk 1:22:59]} 9. a3
{[%clk 1:19:49]} Bxd2+ {[%clk 1:19:32]} 10. Qxd2 {[%clk 1:17:36]} dxc4
{[%clk 1:18:48]} 11. bxc4 {[%clk 1:15:58]} b5 {[%clk 1:18:45]} 12. cxb5
{[%clk 1:11:00]} axb5 {[%clk 1:13:26]} 13. Be2 {[%clk 1:09:16]} Bb7
{[%clk 1:06:43]} 14. O-O {[%clk 1:07:43]} Qd5 {[%clk 0:56:59]} 15. Qg5
{[%clk 0:59:24]} Na6 {[%clk 0:48:07]} 16. Rfc1 {[%clk 0:51:19]} Qxg5
{[%clk 0:42:11]} 17. Nxg5 {[%clk 0:51:43]} h6 {[%clk 0:40:34]} 18. Nf3
{[%clk 0:47:03]} Rfb8 {[%clk 0:40:01]} 19. Ne5 {[%clk 0:43:15]} Bd5
{[%clk 0:38:50]} 20. Bc3 {[%clk 0:36:37]} Ne4 {[%clk 0:36:06]} 21. Be1
{[%clk 0:36:16]} Nd6 {[%clk 0:35:53]} 22. Nd7 {[%clk 0:34:18]} Rb7
{[%clk 0:33:51]} 23. Nc5 {[%clk 0:34:38]} Rba7 {[%clk 0:30:37]} 24. a4
{[%clk 0:22:59]} Nb8 {[%clk 0:25:55]} 25. Rcb1 {[%clk 0:18:13]} bxa4
{[%clk 0:22:58]} 26. Rxa4 {[%clk 0:18:29]} Rxa4 {[%clk 0:23:18]} 27. Nxa4
{[%clk 0:18:53]} Nc6 {[%clk 0:22:15]} 28. Nb6 {[%clk 0:14:49]} Rb8
{[%clk 0:22:14]} 29. Bd3 {[%clk 0:15:05]} Be4 {[%clk 0:20:11]} 30. Nc4
{[%clk 0:14:41]} Rxb1 {[%clk 0:18:41]} 31. Bxb1 {[%clk 0:15:08]} Bxb1
{[%clk 0:10:09]} 32. Nxd6 {[%clk 0:15:32]} Nxd4 {[%clk 0:10:37]} 33. f3
{[%clk 0:15:46]} e5 {[%clk 0:09:54]} 34. Bb4 {[%clk 0:15:34]} f6 {[%clk 0:08:18]}
35. h4 {[%clk 0:13:18]} Kh7 {[%clk 0:05:41]} 36. Kf2 {[%clk 0:10:01]} Kg6
{[%clk 0:05:41]} 37. Bc3 {[%clk 0:09:32]} Ne6 {[%clk 0:04:49]} 38. g3
{[%clk 0:08:31]} Ba2 {[%clk 0:03:28]} 39. Ke3 {[%clk 0:08:40]} Bd5
{[%clk 0:01:03]} 40. Nc8 {[%clk 0:37:38]} Bb7 {[%clk 0:30:39]} 41. Ne7+
{[%clk 0:36:04]} Kf7 {[%clk 0:28:10]} 42. Nf5 {[%clk 0:36:27]} Bc6
{[%clk 0:27:45]} 43. Ba5 {[%clk 0:30:27]} Ba4 {[%clk 0:23:32]} 44. f4
{[%clk 0:29:21]} exf4+ {[%clk 0:18:20]} 45. gxf4 {[%clk 0:29:30]} Kg6
{[%clk 0:18:14]} 46. Ng3 {[%clk 0:29:43]} Bc2 {[%clk 0:17:55]} 47. Bb6
{[%clk 0:28:35]} h5 {[%clk 0:15:40]} 48. Kf3 {[%clk 0:28:02]} Nf8
{[%clk 0:15:30]} 49. Bc5 {[%clk 0:27:11]} Nd7 {[%clk 0:14:52]} 50. Ba7
{[%clk 0:26:25]} Bf5 {[%clk 0:13:25]} 51. Ke3 {[%clk 0:25:05]} Bg4
{[%clk 0:12:56]} 52. Kf2 {[%clk 0:21:36]} Kf7 {[%clk 0:12:39]} 53. Nf1
{[%clk 0:21:58]} Ke6 {[%clk 0:11:59]} 54. Ne3 {[%clk 0:22:22]} Bf5
{[%clk 0:11:59]} 55. Bd4 {[%clk 0:22:23]} Be4 {[%clk 0:12:06]} 56. Kg3
{[%clk 0:20:04]} Nb8 {[%clk 0:11:50]} 57. Bc5 {[%clk 0:19:59]} Nc6
{[%clk 0:12:12]} 58. Kf2 {[%clk 0:19:19]} Na5 {[%clk 0:12:07]} 59. Bf8
{[%clk 0:19:29]} Kf7 {[%clk 0:11:59]} 60. Bb4 {[%clk 0:18:35]} Nb3
{[%clk 0:11:56]} 61. Nf1 {[%clk 0:18:45]} Bc2 {[%clk 0:08:23]} 62. Ne3
{[%clk 0:17:27]} Bd3 {[%clk 0:08:44]} 63. Ba3 {[%clk 0:17:09]} Ke6
{[%clk 0:08:17]} 64. Bf8 {[%clk 0:17:13]} g6 {[%clk 0:07:41]} 65. Ba3
{[%clk 0:17:17]} Be4 {[%clk 0:07:36]} 66. Bb4 {[%clk 0:16:20]} Nc1
{[%clk 0:07:34]} 67. Ba3 {[%clk 0:16:06]} Nd3+ {[%clk 0:07:52]} 68. Kg3
{[%clk 0:16:32]} Bb7 {[%clk 0:07:19]} 69. Bf8 {[%clk 0:16:11]} Nc1
{[%clk 0:07:34]} 70. Kf2 {[%clk 0:16:33]} Na2 {[%clk 0:07:42]} 71. Ba3
{[%clk 0:14:57]} Nc3 {[%clk 0:08:04]} 72. Bb4 {[%clk 0:15:15]} Ne4+
{[%clk 0:08:04]} 73. Ke2 {[%clk 0:15:30]} Bc6 {[%clk 0:07:57]} 74. Ba3
{[%clk 0:15:30]} Bb7 {[%clk 0:06:15]} 75. Bb4 {[%clk 0:15:53]} Ba6+
{[%clk 0:06:29]} 76. Kf3 {[%clk 0:16:02]} Bd3 {[%clk 0:06:47]} 77. Ba3
{[%clk 0:12:22]} Nd2+ {[%clk 0:07:09]} 78. Kf2 {[%clk 0:12:39]} Be4
{[%clk 0:06:49]} 79. Bb4 {[%clk 0:12:27]} Nf3 {[%clk 0:07:05]} 80. Kg3
{[%clk 0:12:48]} Nd4 {[%clk 0:07:15]} 81. Kf2 {[%clk 0:13:04]} Nf5
{[%clk 0:06:11]} 1/2-1/2

[Event "World Chess Olympiad 2018"]
[Site "Batumi"]
[Date "2018.10.03"]
[Round "9"]
[Board "3"]
[WhiteFideId "11600454"]
[White "Fridman Daniel"]
[BlackFideId "608742"]
[Black "Fressinet Laurent"]
[Result "1/2-1/2"]
[LiveChessVersion "1.4.8"]
[BlackElo "2649"]
[WhiteElo "2591"]

1. d4 {[%clk 1:30:55]} Nf6 {[%clk 1:30:53]} 2. Nf3 {[%clk 1:31:19]} d5
{[%clk 1:30:54]} 3. c4 {[%clk 1:31:43]} e6 {[%clk 1:31:19]} 4. Nc3
{[%clk 1:32:07]} c6 {[%clk 1:31:11]} 5. Bg5 {[%clk 1:32:29]} Nbd7
{[%clk 1:31:30]} 6. cxd5 {[%clk 1:32:47]} exd5 {[%clk 1:31:55]} 7. Qc2
{[%clk 1:33:13]} Be7 {[%clk 1:23:57]} 8. e3 {[%clk 1:32:40]} Nh5 {[%clk 1:22:16]}
9. Bxe7 {[%clk 1:27:42]} Qxe7 {[%clk 1:22:41]} 10. h3 {[%clk 1:23:19]} Nb6
{[%clk 1:21:34]} 11. O-O-O {[%clk 1:23:02]} Be6 {[%clk 1:14:28]} 12. Bd3
{[%clk 1:20:13]} O-O-O {[%clk 1:12:23]} 13. Kb1 {[%clk 1:17:14]} Kb8
{[%clk 1:11:17]} 14. Rc1 {[%clk 1:12:37]} Nf6 {[%clk 1:08:17]} 15. Ne5
{[%clk 1:00:16]} g6 {[%clk 0:47:06]} 16. Rhd1 {[%clk 0:39:59]} Ne8
{[%clk 0:42:20]} 17. Na4 {[%clk 0:38:03]} f6 {[%clk 0:39:58]} 18. Nf3
{[%clk 0:38:07]} Nd6 {[%clk 0:39:37]} 19. Nc5 {[%clk 0:37:34]} Bc8
{[%clk 0:36:28]} 20. Nd2 {[%clk 0:36:49]} Rhe8 {[%clk 0:34:02]} 21. a4
{[%clk 0:30:55]} Qc7 {[%clk 0:28:45]} 22. Qb3 {[%clk 0:26:24]} Ka8
{[%clk 0:26:42]} 23. a5 {[%clk 0:22:27]} Nd7 {[%clk 0:17:54]} 24. Nxd7
{[%clk 0:13:31]} Rxd7 {[%clk 0:18:19]} 25. Qb4 {[%clk 0:13:25]} a6
{[%clk 0:16:34]} 26. Nb3 {[%clk 0:12:42]} Rde7 {[%clk 0:12:47]} 27. Nc5
{[%clk 0:11:07]} Bf5 {[%clk 0:10:43]} 28. Bxf5 {[%clk 0:11:16]} Nxf5
{[%clk 0:11:06]} 29. e4 {[%clk 0:06:23]} dxe4 {[%clk 0:09:26]} 30. d5
{[%clk 0:06:43]} e3 {[%clk 0:08:00]} 31. fxe3 {[%clk 0:06:05]} cxd5
{[%clk 0:07:05]} 32. Na4 {[%clk 0:04:57]} Qd6 {[%clk 0:02:48]} 33. Nb6+
{[%clk 0:04:21]} Kb8 {[%clk 0:03:01]} 34. Qxd6+ {[%clk 0:02:42]} Nxd6
{[%clk 0:03:30]} 35. Rxd5 {[%clk 0:02:34]} Ne4 {[%clk 0:03:06]} 36. Rd4
{[%clk 0:01:00]} f5 {[%clk 0:02:34]} 37. g4 {[%clk 0:00:35]} fxg4
{[%clk 0:01:32]} 38. hxg4 {[%clk 0:01:04]} h5 {[%clk 0:01:42]} 39. gxh5
{[%clk 0:01:27]} gxh5 {[%clk 0:02:11]} 40. Nd7+ {[%clk 0:30:40]} Ka7
{[%clk 0:32:11]} 41. Nb6 {[%clk 0:23:08]} Kb8 {[%clk 0:22:26]} 42. Nd7+
{[%clk 0:21:19]} Ka7 {[%clk 0:21:13]} 43. Nb6 {[%clk 0:21:43]} 1/2-1/2

[Event "World Chess Olympiad 2018"]
[Site "Batumi"]
[Date "2018.10.03"]
[Round "9"]
[Board "4"]
[WhiteFideId "603767"]
[White "Bauer Christian"]
[BlackFideId "4657101"]
[Black "Svane Rasmus"]
[Result "1-0"]
[LiveChessVersion "1.4.8"]
[BlackElo "2595"]
[WhiteElo "2629"]

1. e4 {[%clk 1:30:57]} c6 {[%clk 1:30:57]} 2. d3 {[%clk 1:31:16]} d5
{[%clk 1:31:20]} 3. Qe2 {[%clk 1:31:41]} dxe4 {[%clk 1:31:35]} 4. dxe4
{[%clk 1:32:10]} e5 {[%clk 1:31:56]} 5. Nf3 {[%clk 1:32:32]} Nf6 {[%clk 1:32:08]}
6. Nbd2 {[%clk 1:32:53]} Qc7 {[%clk 1:30:07]} 7. Nc4 {[%clk 1:32:48]} Nbd7
{[%clk 1:30:06]} 8. Bd2 {[%clk 1:30:28]} a5 {[%clk 1:25:34]} 9. Bc3
{[%clk 1:16:19]} Bb4 {[%clk 1:24:31]} 10. O-O-O {[%clk 1:16:39]} O-O
{[%clk 1:17:53]} 11. Qe1 {[%clk 0:52:42]} Ng4 {[%clk 0:47:46]} 12. Bd2
{[%clk 0:37:02]} b5 {[%clk 0:43:18]} 13. Ne3 {[%clk 0:37:30]} Bxd2+
{[%clk 0:36:50]} 14. Nxd2 {[%clk 0:26:09]} Nc5 {[%clk 0:35:16]} 15. f3
{[%clk 0:18:23]} Nf6 {[%clk 0:32:06]} 16. Qh4 {[%clk 0:15:51]} a4
{[%clk 0:21:10]} 17. a3 {[%clk 0:16:04]} Rd8 {[%clk 0:19:35]} 18. Be2
{[%clk 0:15:25]} Ne6 {[%clk 0:17:37]} 19. Rhe1 {[%clk 0:12:32]} b4
{[%clk 0:14:20]} 20. Nb1 {[%clk 0:09:38]} Rxd1+ {[%clk 0:12:41]} 21. Rxd1
{[%clk 0:09:52]} Nd4 {[%clk 0:12:12]} 22. Qe1 {[%clk 0:06:03]} c5
{[%clk 0:11:42]} 23. Bc4 {[%clk 0:06:02]} Rb8 {[%clk 0:09:27]} 24. c3
{[%clk 0:05:21]} Be6 {[%clk 0:07:23]} 25. Rd3 {[%clk 0:03:08]} bxa3
{[%clk 0:05:56]} 26. Nxa3 {[%clk 0:03:26]} Qb6 {[%clk 0:06:21]} 27. Qf2
{[%clk 0:03:07]} Bxc4 {[%clk 0:05:58]} 28. Nexc4 {[%clk 0:03:04]} Nb3+
{[%clk 0:04:40]} 29. Kb1 {[%clk 0:02:13]} Qe6 {[%clk 0:03:58]} 30. Rd6
{[%clk 0:00:50]} Qe7 {[%clk 0:04:27]} 31. Qg3 {[%clk 0:00:53]} Re8
{[%clk 0:04:35]} 32. Nb5 {[%clk 0:00:47]} Qb7 {[%clk 0:01:28]} 33. Rb6
{[%clk 0:00:36]} Qd7 {[%clk 0:01:57]} 34. Nbd6 {[%clk 0:00:49]} Re6
{[%clk 0:01:40]} 35. Rb8+ {[%clk 0:00:51]} Ne8 {[%clk 0:02:02]} 36. Qh3
{[%clk 0:00:35]} f5 {[%clk 0:00:40]} 37. Qxf5 {[%clk 0:00:42]} Nd2+
{[%clk 0:00:56]} 38. Kc1 {[%clk 0:00:36]} g6 {[%clk 0:00:45]} 39. Qxe6+
{[%clk 0:00:40]} Qxe6 {[%clk 0:01:13]} 40. Kxd2 {[%clk 0:30:37]} Kg7
{[%clk 0:31:18]} 41. Rxe8 {[%clk 0:24:50]} Qf6 {[%clk 0:31:41]} 42. Ke2
{[%clk 0:24:08]} Qf4 {[%clk 0:29:50]} 43. Re7+ {[%clk 0:20:45]} Kg8
{[%clk 0:30:09]} 44. Ne3 {[%clk 0:19:15]} Qxh2 {[%clk 0:29:11]} 45. Ndc4
{[%clk 0:19:03]} 1-0

[Event "World Chess Olympiad 2018"]
[Site "Batumi"]
[Date "2018.10.03"]
[Round "9"]
[Board "1"]
[WhiteFideId "400041"]
[White "Adams Michael"]
[BlackFideId "1510045"]
[Black "Tari Aryan"]
[Result "1/2-1/2"]
[LiveChessVersion "1.4.8"]
[BlackElo "2618"]
[WhiteElo "2712"]

1. e4 {[%clk 1:30:57]} c6 {[%clk 1:30:46]} 2. Nf3 {[%clk 1:31:17]} d5
{[%clk 1:31:08]} 3. Nc3 {[%clk 1:31:44]} dxe4 {[%clk 1:31:23]} 4. Nxe4
{[%clk 1:32:09]} Nf6 {[%clk 1:31:46]} 5. Nxf6+ {[%clk 1:32:24]} exf6
{[%clk 1:32:06]} 6. Bc4 {[%clk 1:32:36]} Bd6 {[%clk 1:31:00]} 7. Qe2+
{[%clk 1:27:10]} Qe7 {[%clk 1:30:40]} 8. d4 {[%clk 1:21:41]} Na6 {[%clk 1:21:25]}
9. O-O {[%clk 1:13:18]} Qxe2 {[%clk 1:18:29]} 10. Bxe2 {[%clk 1:13:46]} Bf5
{[%clk 1:13:16]} 11. c3 {[%clk 1:10:58]} Nc7 {[%clk 1:10:08]} 12. Nd2
{[%clk 1:09:30]} Nd5 {[%clk 0:57:29]} 13. Nc4 {[%clk 1:08:49]} Bc7
{[%clk 0:56:53]} 14. Ne3 {[%clk 1:06:51]} Nxe3 {[%clk 0:56:25]} 15. Bxe3
{[%clk 1:07:13]} O-O-O {[%clk 0:56:03]} 16. b4 {[%clk 0:53:39]} Rhe8
{[%clk 0:52:17]} 17. Rfe1 {[%clk 0:49:40]} Be4 {[%clk 0:43:12]} 18. a4
{[%clk 0:45:06]} f5 {[%clk 0:39:57]} 19. f3 {[%clk 0:41:53]} Bd5 {[%clk 0:33:30]}
20. Bd3 {[%clk 0:41:51]} g6 {[%clk 0:30:02]} 21. Bg5 {[%clk 0:39:26]} Rxe1+
{[%clk 0:30:26]} 22. Rxe1 {[%clk 0:39:54]} Rg8 {[%clk 0:29:36]} 23. a5
{[%clk 0:36:27]} Bd8 {[%clk 0:26:00]} 24. Bf4 {[%clk 0:35:10]} Kd7
{[%clk 0:23:25]} 25. Kf2 {[%clk 0:29:47]} a6 {[%clk 0:21:39]} 26. g3
{[%clk 0:25:52]} Bf6 {[%clk 0:21:14]} 27. h4 {[%clk 0:24:13]} Re8
{[%clk 0:18:34]} 28. Rd1 {[%clk 0:22:48]} Bb3 {[%clk 0:17:52]} 29. Rb1
{[%clk 0:21:51]} Ba2 {[%clk 0:17:54]} 30. Ra1 {[%clk 0:20:56]} Be6
{[%clk 0:18:01]} 31. h5 {[%clk 0:19:05]} Rd8 {[%clk 0:17:13]} 32. Re1
{[%clk 0:18:15]} Re8 {[%clk 0:17:04]} 33. Rd1 {[%clk 0:16:13]} Rd8
{[%clk 0:16:57]} 34. Be2 {[%clk 0:15:58]} Kc8 {[%clk 0:16:18]} 35. Be3
{[%clk 0:15:40]} Bb3 {[%clk 0:16:19]} 36. Rb1 {[%clk 0:15:31]} Ba2
{[%clk 0:16:38]} 37. Ra1 {[%clk 0:15:09]} Be6 {[%clk 0:17:00]} 38. Rh1
{[%clk 0:14:53]} Rd7 {[%clk 0:15:58]} 39. Bf4 {[%clk 0:14:21]} Bd5
{[%clk 0:15:13]} 40. Bd3 {[%clk 0:43:27]} Be6 {[%clk 0:44:32]} 41. Re1
{[%clk 0:40:19]} Rd8 {[%clk 0:40:46]} 42. Be5 {[%clk 0:36:35]} Bg5
{[%clk 0:37:31]} 43. f4 {[%clk 0:32:15]} Be7 {[%clk 0:37:30]} 44. Bg7
{[%clk 0:30:20]} Rg8 {[%clk 0:34:44]} 45. h6 {[%clk 0:29:57]} Kd7
{[%clk 0:34:18]} 46. c4 {[%clk 0:21:53]} Ra8 {[%clk 0:32:54]} 47. d5
{[%clk 0:20:44]} cxd5 {[%clk 0:33:18]} 48. c5 {[%clk 0:21:11]} f6
{[%clk 0:28:01]} 49. Bc2 {[%clk 0:17:30]} Bf7 {[%clk 0:27:41]} 50. Ba4+
{[%clk 0:17:47]} Kd8 {[%clk 0:28:05]} 51. Ke3 {[%clk 0:17:38]} Be8
{[%clk 0:26:13]} 52. Bb3 {[%clk 0:17:35]} Bf7 {[%clk 0:25:13]} 53. Kd4
{[%clk 0:17:48]} Rc8 {[%clk 0:25:21]} 54. Ba4 {[%clk 0:11:11]} Rc7
{[%clk 0:25:22]} 55. Re2 {[%clk 0:11:06]} Rc8 {[%clk 0:25:27]} 56. Re3
{[%clk 0:10:10]} Rc7 {[%clk 0:25:35]} 57. Rc3 {[%clk 0:09:05]} Be8
{[%clk 0:24:56]} 58. Bb3 {[%clk 0:08:14]} Bf7 {[%clk 0:25:06]} 59. Re3
{[%clk 0:08:39]} Rc8 {[%clk 0:24:38]} 60. Bd1 {[%clk 0:08:50]} Rc6
{[%clk 0:24:03]} 61. Bf3 {[%clk 0:08:41]} Rc7 {[%clk 0:21:14]} 62. g4
{[%clk 0:08:04]} fxg4 {[%clk 0:20:51]} 63. Bxg4 {[%clk 0:08:30]} Rc6
{[%clk 0:20:49]} 64. f5 {[%clk 0:08:11]} g5 {[%clk 0:20:33]} 65. Bd1
{[%clk 0:07:25]} Rc8 {[%clk 0:20:36]} 66. Ba4 {[%clk 0:07:46]} Rc7
{[%clk 0:18:19]} 67. Re1 {[%clk 0:06:54]} Rc8 {[%clk 0:17:18]} 68. Re3
{[%clk 0:07:19]} 1/2-1/2

[Event "World Chess Olympiad 2018"]
[Site "Batumi"]
[Date "2018.10.03"]
[Round "9"]
[Board "2"]
[WhiteFideId "1506102"]
[White "Urkedal Frode Olav Olsen"]
[BlackFideId "404853"]
[Black "McShane Luke J"]
[Result "1/2-1/2"]
[LiveChessVersion "1.4.8"]
[BlackElo "2672"]
[WhiteElo "2535"]

1. d4 {[%clk 1:30:55]} d5 {[%clk 1:30:53]} 2. c4 {[%clk 1:31:19]} c6
{[%clk 1:31:20]} 3. Nf3 {[%clk 1:31:43]} Nf6 {[%clk 1:31:45]} 4. Nc3
{[%clk 1:31:49]} dxc4 {[%clk 1:32:07]} 5. a4 {[%clk 1:32:04]} e6 {[%clk 1:32:31]}
6. e3 {[%clk 1:29:54]} c5 {[%clk 1:32:52]} 7. Bxc4 {[%clk 1:30:18]} cxd4
{[%clk 1:33:13]} 8. exd4 {[%clk 1:30:09]} Nc6 {[%clk 1:33:34]} 9. O-O
{[%clk 1:29:41]} Be7 {[%clk 1:33:59]} 10. Re1 {[%clk 1:24:34]} O-O
{[%clk 1:34:08]} 11. Bg5 {[%clk 1:22:40]} Bd7 {[%clk 1:33:32]} 12. Qe2
{[%clk 1:19:00]} h6 {[%clk 1:28:12]} 13. Bh4 {[%clk 1:19:05]} Rc8
{[%clk 1:09:50]} 14. Rad1 {[%clk 1:14:40]} Re8 {[%clk 0:52:37]} 15. Ne5
{[%clk 1:09:30]} Nb4 {[%clk 0:50:17]} 16. Nxd7 {[%clk 0:24:24]} Qxd7
{[%clk 0:48:22]} 17. Bb5 {[%clk 0:23:49]} Nc6 {[%clk 0:48:13]} 18. Bxf6
{[%clk 0:19:11]} Bxf6 {[%clk 0:48:14]} 19. Ne4 {[%clk 0:18:15]} Bxd4
{[%clk 0:33:20]} 20. Bxc6 {[%clk 0:12:11]} Rxc6 {[%clk 0:31:48]} 21. Nf6+
{[%clk 0:09:07]} gxf6 {[%clk 0:32:12]} 22. Qg4+ {[%clk 0:09:32]} Kf8
{[%clk 0:19:30]} 23. Rxd4 {[%clk 0:09:40]} Rd6 {[%clk 0:19:53]} 24. Rxd6
{[%clk 0:04:30]} Qxd6 {[%clk 0:20:22]} 25. Rd1 {[%clk 0:04:53]} Qc6
{[%clk 0:10:53]} 26. h3 {[%clk 0:02:54]} a6 {[%clk 0:07:01]} 27. Qf4
{[%clk 0:00:53]} Kg7 {[%clk 0:07:30]} 28. Rd3 {[%clk 0:01:15]} f5
{[%clk 0:07:12]} 29. Rg3+ {[%clk 0:00:36]} Kh7 {[%clk 0:07:04]} 30. Rc3
{[%clk 0:00:57]} Qb6 {[%clk 0:01:22]} 31. Qc7 {[%clk 0:00:39]} Qxc7
{[%clk 0:00:59]} 32. Rxc7 {[%clk 0:01:04]} Kg6 {[%clk 0:01:16]} 33. Rxb7
{[%clk 0:01:29]} Rc8 {[%clk 0:01:41]} 34. g3 {[%clk 0:01:29]} a5 {[%clk 0:01:01]}
35. Rb5 {[%clk 0:01:47]} Rc2 {[%clk 0:01:09]} 36. Kg2 {[%clk 0:01:59]} f6
{[%clk 0:01:00]} 37. b3 {[%clk 0:02:00]} Rb2 {[%clk 0:00:53]} 38. Kf3
{[%clk 0:00:41]} e5 {[%clk 0:00:57]} 39. Ke3 {[%clk 0:00:39]} h5 {[%clk 0:00:48]}
40. Kf3 {[%clk 0:30:39]} Kf7 {[%clk 0:30:34]} 41. h4 {[%clk 0:28:29]} Ke6
{[%clk 0:26:19]} 42. Ke3 {[%clk 0:27:02]} Kd6 {[%clk 0:25:01]} 43. Rb6+
{[%clk 0:25:41]} Ke7 {[%clk 0:23:51]} 44. Rb5 {[%clk 0:22:58]} Ke6
{[%clk 0:24:02]} 45. Rb6+ {[%clk 0:22:04]} 1/2-1/2